NRL Grand Finals Winners 2023-1908 - Statistics

General Stats
  • This quiz has been taken 165 times
  • The average score is 32 of 104
Answer Stats
Year Winner % Correct
2023 Panthers
100%
2022 Panthers
99%
2021 Panthers
98%
2020 Storm
96%
2019 Roosters
88%
2018 Roosters
87%
2017 Storm
86%
2015 Cowboys
84%
2016 Sharks
84%
2014 Rabbitohs
80%
2013 Roosters
75%
2012 Storm
72%
2009* Storm
70%
2007* Storm
69%
2011 Sea Eagles
65%
2005 Tigers
65%
2006 Broncos
64%
2004 Bulldogs
61%
2003 Panthers
61%
2010 Dragons
60%
2008 Sea Eagles
59%
2001 Knights
57%
2002 Roosters
53%
2000 Broncos
50%
1999 Storm
50%
1998 Broncos
42%
1997 Knights
39%
1994 Raiders
34%
1982 Eels
32%
1981 Eels
31%
1986 Eels
30%
1983 Eels
30%
1990 Raiders
30%
1964 Dragons
28%
1963 Dragons
28%
1962 Dragons
28%
1961 Dragons
28%
1960 Dragons
28%
1989 Raiders
28%
1996 Sea Eagles
28%
1993 Broncos
27%
1992 Broncos
27%
1995 Bulldogs
27%
1985 Bulldogs
27%
1984 Bulldogs
27%
1966 Dragons
27%
1965 Dragons
27%
1959 Dragons
27%
1958 Dragons
27%
1957 Dragons
27%
1956 Dragons
27%
1988 Bulldogs
24%
1991 Panthers
24%
1987 Sea Eagles
23%
1908 Rabbitohs
21%
1980 Bulldogs
20%
1910 Jets/Rabbitohs
19%
1978 Sea Eagles
19%
1976 Sea Eagles
17%
1971 Rabbitohs
16%
1955 Rabbitohs
16%
1911 Roosters
16%
1979 Dragons
15%
1968 Rabbitohs
15%
1954 Rabbitohs
15%
1953 Rabbitohs
15%
1969 Tigers
15%
1977 Dragons
14%
1970 Rabbitohs
14%
1967 Rabbitohs
14%
1975 Roosters
14%
1951 Rabbitohs
13%
1973 Sea Eagles
13%
1952 Magpies
12%
1950 Rabbitohs
12%
1974 Roosters
12%
1972 Sea Eagles
12%
1916 Tigers
11%
1929 Rabbitohs
10%
1945 Roosters
10%
1948 Magpies
9%
1932 Rabbitohs
9%
1931 Rabbitohs
9%
1927 Rabbitohs
9%
1949 Dragons
8%
1930 Magpies
8%
1928 Rabbitohs
8%
1926 Rabbitohs
8%
1947 Tigers
8%
1922 Bears
7%
1938 Bulldogs
7%
1940 Roosters
7%
1923 Roosters
7%
1936 Roosters
6%
1935 Roosters
6%
1946 Tigers
6%
1944 Tigers
6%
1939 Tigers
6%
1942 Bulldogs
5%
1924 Tigers
5%
1941 Dragons
4%
1943 Jets
4%
1933 Jets
4%
1934 Magpies
4%
No matching quizzes found
Score Distribution
Percent of People with Each Score
Percentile by Number Answered
Your Score History
You have not taken this quiz